US States Containing the Letter C - Statistics

General Stats
  • This quiz has been taken 485 times
  • The average score is 9 of 10
Answer Stats
Answer % Correct
California
99%
Colorado
98%
Connecticut
96%
North Carolina
95%
South Carolina
95%
Michigan
93%
Wisconsin
91%
Massachusetts
90%
New Mexico
90%
Kentucky
89%
No matching quizzes found
Score Distribution
Percent of People with Each Score
Percentile by Number Answered
Your Score History
You have not taken this quiz